| 000 | 00753nam a2200253 i 4500 | ||
|---|---|---|---|
| 001 | 8161 | ||
| 003 | ES-MaACL | ||
| 005 | 20230906145408.0 | ||
| 007 | t| | ||
| 008 | 920228s1988 sp ||||1| spa d | ||
| 020 | _a84-86717-10-8 | ||
| 080 | _a82-311.1"19" | ||
| 080 | _a82(Gordimer,N.7 C.03=6) | ||
| 100 | 1 |
_aGordimer, Nadine. _959148 |
|
| 245 | 1 | 3 |
_aUn Capricho de la naturaleza / _cNadine Gordimer ; [traducción de María José Rodellar]. |
| 250 | _a[1ª ed.]. | ||
| 260 |
_aBarcelona : _bVersal, _c1988. |
||
| 300 |
_a445 p. ; _c22 cm. |
||
| 490 | 1 | _aBiblioteca del corondel | |
| 700 | 1 |
_aRodellar, María José. _998110 |
|
| 830 | 0 |
_aBiblioteca del corondel _9178070 |
|
| 852 |
_aES-MaACL _jL-15484 _bR.119877 |
||
| 999 |
_c8161 _d8161 |
||